000 00874 a2200205 4500
003 Nust
005 20220819081029.0
010 _a 78009321
020 _a0471033952
040 _cNust
082 0 0 _a005.14,AND
100 1 _aAnderson, Robert Brockett,
_998148
245 1 0 _aProving programs correct /
_cRobert B. Anderson.
260 _aNew York :
_bWiley,
_cc1979.
300 _aviii, 184 p. :
_bill. ;
_c23 cm.
505 _aMathematical Induction (Page-1), Proving the Correctness of Flowchart Programs (Page-21), Proving the Correctness of Programs Written in a Standard Programming Language (Page-91), Proving the Correctness of Recursive Programs (Page-120), Current Research Related to Proving Program Correctness (Page-164).
650 0 _aComputer programs
_xTesting.
_936763
650 0 _aDebugging in computer science.
_936764
942 _2ddc
_cBK
_k005.14,AND
999 _c180397
_d180397